LEADER 00922nam a2200253 i 4500 001 000000168283 003 CaOOAMICUS 005 20080103000000.0 008 080103s1976 it u000 u ita u 013 $a145685 040 $aSeMil$bita 100 1 $aCompagnone, Luigi.$0(OLS)http://semarc/name/41315 245 13$aLe notti di Glasgow :$bromanzo /$cLuigi Compagnone. 260 $aMilano :$bRusconi,$c1976. 300 $a209 p. ;$c20 cm. 490 0 $aBiblioteca Rusconi ;$v20 500 $aFondo Card. Giovanni Colombo. 830 0$aBiblioteca Rusconi ;$v20.$0(OLS)http://semarc/title/12460 850 $aSeMil 852 $aSeMil$W1$xVenegono$y1$m1B II 325$j239705$B119370$CSeMilBibl$Z2$F130389 $81 941 1 $a3 961 $aLascito: Colombo Card. Giovanni 996 $6245$aLe notti di Glasgow :$bromanzo$9(OLS)http://semarc/title/240761 996 $6260$aMilano :$bRusconi$9(OLS)http://semarc/publisher/30258 LEADER 00779nam a2200205 i 4500 001 000000043366 003 CaOOAMICUS 005 20090813000000.0 008 090813s1964 sz u000 u ger u 013 $a14536 040 $aSeMil$bita 100 1 $aBerkhof, Hendrikus <1914-1995>.$0(OLS)http://semarc/name/21532 245 14$aDie Katholizität der Kirche /$cHendrik Berkhof. 260 $aZürich :$bEVZ Verlag,$c1964. 300 $a112 p. ;$c21 cm. 650 4$aCattolicità - Teologia.$0(OLS)http://semarc/subject/9251 850 $aSeMil 852 $aSeMil$W1$xVenegono$y1$m2B II 202$j9521$B9521$CSeMilBibl$Z2$F9521 $81 996 $6245$aDie Katholizität der Kirche$9(OLS)http://semarc/title/63684 996 $6260$aZürich :$bEVZ Verlag$9(OLS)http://semarc/publisher/34976